000 01624nam a2200397 i 4500
999 _c64026
_d64026
001 768714001
003 CO-MdFUSB
005 20180622170022.0
008 150121s2014 sp a | |||| 000 0 spa
017 _aB 14391-2014
_bOficina Depósito Legal Barcelona
020 _a9788416128167
040 _aSpMaBN
_bspa
_cCO-MdFUSB
_erda
_dCO-MdFUSBC
041 _aspa
080 _a27:001
082 _223
_aG 261.55
_bP923p
245 0 0 _a60 preguntas sobre ciencia y fe respondidas por 26 profesores de universidad
_c/ Editado por: Francisco José Soler Gil , Manuel Alfonseca
246 3 _aSesenta preguntas sobre ciencia y fe respondidas por veintiséis profesores de universidad
250 _aprimera edición
264 1 _aBarcelona :
_bStella Maris,
_c[2014]
264 4 _c©2014
300 _a413 páginas :
_bilustraciones ;
_c23 cm
336 _a1
_2rdacontent
_ba1
337 _a2
_2rdamedia
_b5
338 _2rdacarrier
_a2
_b5
490 0 _aCiencia
504 _aIncluye referencias bibliográficas
505 _aIdeas fundamentales -- El desencuentro entre la fe y la ciencia: argumentos del materialismo -- Evolución -- Neurociencia -- Física cuántica, determinismo y libertad -- Cosmología -- Ajuste fino -- Matemáticas y religión --- Ciencia y ética -- Consideraciones finales.
563 _aRústico
650 7 _aCristianismo y ciencia
_2embne
700 1 _aSoler Gil, Francisco José
_d1969-
_edirector de la publicación
700 1 _aAlfonseca, Manuel
_d1946-
_edirector de la publicación
942 _cBK
956 _a2